00979nmc a2200289 a 4500003000900000005001700009008004100026040001300067100002800080245006900108260004700177300002700224490003300251504003100284650002800315650003100343650003000374650003900404650002800443650002500471650002900496650002800525653003100553653002600584700003800610800004100648AR-BaBNM20251128203042.0136119s1979 ||||||||||||||000 | spa|| cAR-BaBNM1 aPérez Alvarez, Sergio10aEl diagnóstico de la situación educativabsus cuatro niveles aBuenos AiresbLibrería del Colegioc19790 a164 p.btablas, diagr. 0aBiblioteca nueva pedagogía aBibliografía: p. 159-161 4aDIAGNOSTICO EDUCACIONAL 4aPSICOLOGIA DE LA EDUCACION 4aDETECCION DE DEFICIENCIAS 4aORIENTACION PEDAGOGICA DE DOCENTES 4aORIENTACION PROFESIONAL 4aPRUEBAS PSICOLOGICAS 4aPRUEBAS DE CONOCIMIENTOS 4aPRUEBAS DE PERSONALIDAD 0aGABINETES PSICOPEDAGOGICOS 0aORIENTACION EDUCATIVA1 aCassani, Juan Emilioeprologuista1 aManganiello, Ethel Maríaedirector